[Event "Merida Heuristic Solutions op U1600"]
[Site "Badajoz"]
[Date "2021.08.04"]
[Round "6.2"]
[White "Toro Peguero, Francisco"]
[Black "Diaz Perez, Diego"]
[Result "0-1"]
[WhiteElo "1465"]
[BlackElo "1495"]
[PlyCount "72"]
[EventDate "2021.08.02"]
[EventType "swiss"]
[EventRounds "7"]
[EventCountry "ESP"]
[SourceTitle "EXT 2023"]
[Source "ChessBase"]
[SourceDate "2022.10.05"]
[SourceVersion "1"]
[SourceVersionDate "2022.10.05"]
[SourceQuality "1"]

1. e4 e6 2. d4 d5 3. Nc3 Nf6 4. e5 Nfd7 5. Nf3 c5 6. Be3 cxd4 7. Bxd4 Nc6 8. Bb5 Be7 9. Bxc6 bxc6 10. Ne2 c5 11. Be3 d4 12. Bf4 Bb7 13. Ng3 Qa5+ 14. Qd2 Qxd2+ 15. Kxd2 Bxf3 16. gxf3 g5 17. Nh5 gxf4 18. Ng7+ Kf8 19. Nh5 Nxe5 20. Ke2 Ng6 21. Kd3 Rb8 22. b3 Bh4 23. Rhf1 Rd8 24. Rae1 Rd5 25. Ng3 fxg3 26. fxg3 Ne5+ 27. Rxe5 Rxe5 28. gxh4 Rg8 29. f4 Re3+ 30. Kc4 Rc3+ 31. Kb5 Rxc2 32. f5 Ke7 33. f6+ Kd6 34. a4 Rb8+ 35. Ka6 Rxb3 36. Kxa7 Ra2 0-1

[Event "ESP-ch U14"]
[Site "Salobrena"]
[Date "2021.07.14"]
[Round "4"]
[White "Diaz Perez, Diego"]
[Black "Villanueva Marquez, Santiago"]
[Result "1-0"]
[WhiteElo "1452"]
[BlackElo "1707"]
[PlyCount "117"]
[EventDate "2021.07.12"]
[EventType "swiss"]
[EventRounds "9"]
[EventCountry "ESP"]
[SourceTitle "EXT 2022"]
[Source "ChessBase"]
[SourceDate "2021.10.06"]
[SourceVersion "1"]
[SourceVersionDate "2021.10.06"]
[SourceQuality "1"]

1. e4 d6 2. d4 Nf6 3. Nc3 g6 4. Nf3 Bg7 5. Be2 0-0 6. 0-0 Nbd7 7. Be3 b6 8. Qd2 Bb7 9. Bd3 c5 10. d5 Rc8 11. b3 Ng4 12. Rae1 Nxe3 13. fxe3 Ne5 14. Nxe5 Bxe5 15. Ne2 e6 16. Nf4 exd5 17. exd5 Qg5 18. c4 Rce8 19. Qf2 Bc8 20. Kh1 Qh6 21. Qf3 Bc3 22. Re2 g5 23. Nh5 f5 24. Ng3 Be5 25. Qh5 Qxh5 26. Nxh5 Rf7 27. Ref2 Ref8 28. Ng3 Bxg3 29. hxg3 Kg7 30. g4 f4 31. exf4 Rxf4 32. Rxf4 Rxf4 33. Re1 Kf7 34. Bxh7 Rxg4 35. Bg8+ Kf6 36. Be6 Bxe6 37. Rxe6+ Kf7 38. Rxd6 Ke7 39. Rc6 Kd7 40. Rg6 Kc8 41. Kg1 Rd4 42. Rxg5 Rd1+ 43. Kh2 Rd2 44. a4 Rb2 45. Rg3 Re2 46. Rf3 Re5 47. g4 Re7 48. Kg3 Kd7 49. g5 Re1 50. Kg4 Rg1+ 51. Kf5 Ke7 52. Re3+ Kf7 53. g6+ Kg7 54. Re7+ Kg8 55. d6 Rf1+ 56. Ke6 Rg1 57. d7 Rxg6+ 58. Kf5 Rd6 59. Re8+ 1-0

[Event "ESP-ch U14"]
[Site "Salobrena"]
[Date "2021.07.14"]
[Round "5"]
[White "Sureda Gonzalez, Cristina"]
[Black "Diaz Perez, Diego"]
[Result "1-0"]
[WhiteElo "1701"]
[BlackElo "1452"]
[PlyCount "73"]
[EventDate "2021.07.12"]
[EventType "swiss"]
[EventRounds "9"]
[EventCountry "ESP"]
[SourceTitle "EXT 2022"]
[Source "ChessBase"]
[SourceDate "2021.10.06"]
[SourceVersion "1"]
[SourceVersionDate "2021.10.06"]
[SourceQuality "1"]

1. e4 c5 2. Nf3 e6 3. d4 cxd4 4. Nxd4 Nf6 5. Nc3 Nc6 6. Nxc6 bxc6 7. e5 Nd5 8. Ne4 Qc7 9. f4 Be7 10. c4 Nb6 11. Qg4 Bb4+ 12. Bd2 Bxd2+ 13. Kxd2 0-0 14. Bd3 Kh8 15. Ng5 h6 16. Qh5 f5 17. Nf7+ Kg8 18. Nd6 Bb7 19. g4 Nc8 20. Nxc8 Raxc8 21. gxf5 exf5 22. Rhg1 Qb6 23. Kc3 c5 24. Rg6 Rc6 25. Rag1 Rxg6 26. Qxg6 Qxg6 27. Rxg6 Kh7 28. Rd6 Rf7 29. Rxd7 Rxd7 30. Bxf5+ Kg8 31. Bxd7 Kf7 32. b4 cxb4+ 33. Kxb4 Ke7 34. Bg4 g5 35. f5 Kf7 36. Kc5 Bc8 37. Kd6 1-0